00337cam a22001097a 4500008004000000082001300040100001800053245006900071260002800140300001000168650004900178180718b1991 xxu||||| |||| 00| 0 eng d aA99 Si93 aSivaraman, B. aBitter sweet: governance of India in transitioncby B. Sivaraman aNew DelhibAshishc1991 a482p. aSivaraman, B. - Criticism and interpretation